A thousand yearnings: (Record no. 157871)

MARC details
000 -LEADER
fixed length control field 00679nam a22002057a 4500
005 - DATE AND TIME OF LATEST TRANSACTION
control field 20181006142604.0
010 ## - LCCN (DPL NO)
LC control number ENG-124193
020 ## - INTERNATIONAL STANDARD BOOK NUMBER
International Standard Book Number 9789386582805
Terms of availability 599.00
035 ## - SYSTEM CONTROL NUMBER
System control number EN-107725
037 ## - SOURCE OF ACQUISITION
Source of stock number/acquisition DABD/PUB
082 ## - DEWEY DECIMAL CLASSIFICATION NUMBER
Classification number 881
245 ## - TITLE STATEMENT
Title A thousand yearnings:
Remainder of title a book of urdu poetry and prose /
Statement of responsibility, etc translated and introduced by Ralph Russell; ed. by Marion Molteno
260 ## - PUBLICATION, DISTRIBUTION, ETC. (IMPRINT)
Place of publication, distribution, etc New Delhi
Name of publisher, distributor, etc Speaking Tiger
Date of publication, distribution, etc 2017
270 ## - ADDRESS
Address 4381/4 Ansari Road, Daryaganj,
City New Delhi
Postal code 10002
300 ## - PHYSICAL DESCRIPTION
Extent xxii,381p. :
Dimensions 22cm(pbk)
500 ## - GENERAL NOTE
General note It includes editor's notes
700 ## - ADDED ENTRY--PERSONAL NAME
Personal name Russell, Ralph
700 ## - ADDED ENTRY--PERSONAL NAME
Personal name Molteno, Marion
942 ## - ADDED ENTRY ELEMENTS (KOHA)
Source of classification or shelving scheme Dewey Decimal Classification
Item type English Books
Call number suffix THO
Classification part 881
Holdings
Withdrawn status Lost status Not for loan Collection code Home library Current library Date acquired Source of acquisition Cost, normal purchase price Full call number Barcode Copy number Cost, replacement price Koha item type
    Not For Loan Non-fiction D.B.Act.Division Sarojini Nagar 06/10/2018 DBAD/PUB 599.00 881 THO EN-107725 1 599.00 English Books

© Delhi Public Library
Hit Counter
free hit counter